00409cam a2200169ua 45000010005000000080039000050200015000440400009000590410008000680820008000761000024000842450061001082500009001692600030001783000010002086530021002187968150110n ii |||gr||||Z||||||hin a8186135049 cMAIN ahin a954 aDubey, R.,eAuthor. aBhakti kal me bharatiya rahasyavadcBy Radheyshyam Dubey a1st. aBaranasi:bSanjay,c1994. a290p. aSouth Asia India